000 00681nam a22002297a 4500
003 UA-OsUOA
001 67053
007 ta
008 20100209b un ||||| |||| 00| 0 ukr d
100 _aБеренштейн Б.Л.
700 _aТретяк О.М.
090 _a330(477)
_bБ48
942 _cSA
040 _aUA-OsUOA
_bukr
_cUA-OsUOA
_dUA-OsUOA
245 _aПерспективи розвитку українського біржового аграрного ринку
300 _aС.50-56
955 _a0
041 _aukr
080 _a330(477)
773 0 _w67046
_tЕкономіка АПК
_dК.
_d2010
_g1
650 7 _a330 Економіка взагалі
_2UDC
999 _c352998
_d352998